| 000 | 00930nam a2200277 i 4500 | ||
|---|---|---|---|
| 001 | 000045068 | ||
| 003 | DO-SdBNP | ||
| 005 | 20250701140750.0 | ||
| 007 | ta | ||
| 008 | 100312s 2002 dr 000 0 spa d | ||
| 040 |
_aDO-SdBNP _bspa _cBNPHU _erda |
||
| 041 | _hsp | ||
| 082 |
_axxx _bD542m _222 |
||
| 100 | 1 |
_aDíaz Chávez, Santo Amaro _eautor _937545 |
|
| 245 | 1 | 0 |
_aManual sobre comercio, porte y tenencia de armas de fuego en República Dominicana : _borientación y guia para el ciudadano / _cSanto Amaro Díaz Chávez |
| 250 | _aEdición actualizada | ||
| 264 |
_aSanto Domingo : _bSecretaría de Estado de Interior y Policía, _c2002. |
||
| 300 |
_a71 páginas ; _c21 cm. |
||
| 336 |
_ardacontent _btexto _2txt |
||
| 337 |
_ardamedia _bsin mediación _2n |
||
| 338 | _arda | ||
| 590 | _aInventariado, 2021/BT | ||
| 710 | 1 |
_aSecretaría de Estado de Interior y Policía _973076 |
|
| 910 | _aBtavárez | ||
| 942 |
_2ddc _cLBS1 |
||
| 999 |
_c44557 _d44557 |
||